1245 1858 1027 1383 1951 1181 1534 1260 1235 1594 1457 1055 1211 1304 1519 1575 1076 1234 1528 1050 1162 1369 1677 1677 1898 1834 1205 1654 1066 1427 1955 1350 1435 1133 1202 1442 1415 1062 1440 1005 1010 1692 1728 1632 1304 1380 1061 1289 1316 1460 1606 1884 1713 1113 1685 1490 1958 1911 1527 1479 1602 1090 1591 1160 1802 1426 1521 1429 1254 1386 1661 1635 1057 1303 1088 1417 1643 1354 1886 1141 1133 1095 1876 1889 1066 1069 1151 1345 1249 1795 1431 1027 1718 1307 1896 1291 1014 1685 1911 BCNSPRNW ULIB Ver.6.0+V

เปลี่ยนเป็นภาษาไทย

Change to English
 แสดงรายละเอียดบรรณานุกรม
  กลับหน้าหลัก

Brief Record : Get Marc (ISO 2709) : E-mail record : QR code < ปิดหน้าต่าง
LEADER : 00000nam 2200000uu 4500
001    13399114821
003     ULIB
008    120523s2554||||th 000 0 tha d
020    ^a9786161104405
060 04 ^aWA540.JT3^bก252
245 00 ^aการสาธารณสุขไทย พ.ศ. 2551-2553 /^cกระทรวงสาธารณสุข
260    ^aกรุงเทพฯ :^bกระทรวงสาธารณสุข ,^c2554
300    ^a 506 :^bภาพประกอบสี, แผนที่ ;^c29 ซม.
310    ^aราย 2 ปี
500    ^aบรรณาธิการ: สุวิทย์ วิบุลผลประเสริฐ
500    ^aข้อมูลส่วนใหญ่เป็นตาราง
610 27 ^aกระทรวงสาธารณสุข^xประวัติ
650  2 ^aPublic Health Administration
650  2 ^aPublic Health^zThailand
650  7 ^aสาธารณสุข^zไทย^vสถิติ
650  7 ^aวิสัยทัศน์กับสุขภาพ
650  7 ^aปัญหาสุขภาพ^zไทย^vสถิติ
700 0  ^aสุวิทย์ วิบุลผลประเสริฐ,^eบรรณาธิการ
710 2  ^aสำนักนโยบายและแผนสาธารณสุข
945    ^p0^l0^i031812
995    ^a เกษร
999    ^aใช้งานได้ทุกระบบ
รายการนี้ยังไม่มีแท็ก
คุณยังไม่ได้ล็อกอิน คุณสามารถมีกิจกรรมร่วมกับเว็บไซต์ได้ แต่ต้องล็อกอินก่อน ::
  ล็อกอิน

รายการสื่อสารสนเทศ

ลำดับที่ ประเภท เลขเรียก/บาร์โค้ด สถานที่ สถานะ
1. วิทยาศาสตร์การแพทย์ และสุขภาพ
วิทยาศาสตร์การแพทย์ และสุขภาพ
WA540.JT3 ก252  
  Barcode: 031812
ห้องสมุดวิทยาเขตสวรรค์ประชารักษ์
►ส่วนจัดเก็บหนังสือเก่า สปร
บนชั้น
  ขอยืม

รายการใกล้เคียง
    หัวเรื่อง [Public Health Administration]
    หัวเรื่อง [วิสัยทัศน์กับสุขภาพ]

BibComment


ยังไม่เคยถูกคอมเมนท์

คอมเมนท์ทรัพยากรรายการนี้
  คอมเมนท์: การสาธารณสุขไทย ..


 Copyright 2026. Bcnsprnw @Library